| 000 | 00468nam a2200205Ia 4500 | ||
|---|---|---|---|
| 008 | 170918s9999 xx 000 0 und d | ||
| 020 | _a9780516203706 | ||
| 050 | _bD265 1997 | ||
| 100 | _aDavis, Wendy | ||
| 245 | _aCity park / | ||
| 245 | _cWendy Davis. | ||
| 260 | _aNew York : | ||
| 260 | _bChildren's Press, | ||
| 260 | _c1997 | ||
| 300 | _a31 pages : | ||
| 300 | _bcolored illustration ; | ||
| 300 | _c23cm. | ||
| 440 | _aHabitats. | ||
| 500 | _a840 | ||
| 999 |
_c342330 _d342330 |
||